[Event "Open International d'Ambès 2010"]
[Site "Ambes"]
[Date "2010.04.24"]
[Round "1.14"]
[White "Lambert, Robert"]
[Black "Font, Bernard"]
[Result "1/2-1/2"]
[WhiteElo "1811"]
[BlackElo "1762"]
[PlyCount "92"]
[EventDate "2010.04.??"]
[EventType "swiss"]
[EventRounds "9"]
[EventCountry "FRA"]

1. e4 e5 2. Nf3 Nc6 3. Bb5 a6 4. Ba4 Nf6 5. d3 b5 6. Bb3 Be7 7. c3 d6 8. h3 O-O
9. Nbd2 Na5 10. Bc2 c5 11. Nf1 Nc6 12. Ng3 Re8 13. O-O h6 14. Bd2 Be6 15. a4
Bf8 16. Rc1 d5 17. Re1 d4 18. Nh2 dxc3 19. bxc3 c4 20. axb5 axb5 21. dxc4 Bxc4
22. Be3 Qa5 23. Ng4 Nxg4 24. Qxg4 Be6 25. Qe2 Rab8 26. Bd3 b4 27. Ra1 Qc7 28.
cxb4 Nxb4 29. Rec1 Qe7 30. Bb5 Rec8 31. Rxc8 Rxc8 32. Ra7 Rc7 33. Ra8 Nc2 34.
Nf5 Bxf5 35. exf5 Nxe3 36. Qxe3 Qd6 37. Be2 Qc6 38. Qxe5 Qc1+ 39. Kh2 Rc8 40.
Rxc8 Qxc8 41. Bf3 Qd8 42. g3 Qb6 43. Kg2 Qa7 44. Bd5 Qe7 45. Qf4 Qc5 46. Be4
Bd6 1/2-1/2

[Event "Open International d'Ambès 2010"]
[Site "Ambes"]
[Date "2010.04.24"]
[Round "1.15"]
[White "Scheid, Gilles"]
[Black "Perez, Patrick"]
[Result "0-1"]
[WhiteElo "1760"]
[BlackElo "1801"]
[PlyCount "84"]
[EventDate "2010.04.??"]
[EventType "swiss"]
[EventRounds "9"]
[EventCountry "FRA"]

1. e4 g6 2. Nf3 Bg7 3. Bc4 e6 4. Nc3 Ne7 5. d4 d5 6. exd5 exd5 7. Bb3 O-O 8.
O-O Bg4 9. h3 Bxf3 10. Qxf3 c6 11. Ne2 Na6 12. c3 Nc7 13. Bf4 Ne6 14. Be5 Bxe5
15. dxe5 Qc7 16. Qf6 Nf5 17. g4 Nfg7 18. f4 Qd8 19. f5 Nc5 20. Bc2 Qxf6 21.
exf6 Ne8 22. fxg6 hxg6 23. Rae1 Nd6 24. Ng3 Rae8 25. h4 Nc4 26. Rxe8 Rxe8 27.
Bxg6 Ne3 28. Rf3 Nxg4 29. Bh5 Re1+ 30. Kg2 Ne3+ 31. Kh3 Nd7 32. Nf5 Nxf5 33.
Rxf5 Kf8 34. Kg3 Re6 35. Kf4 Nxf6 36. Bf3 Ke7 37. h5 Ng8 38. Kg5 Re1 39. h6
Rg1+ 40. Kh5 Nf6+ 41. Kh4 Rg6 42. Bh5 Rxh6 0-1

[Event "Open International d'Ambès 2010"]
[Site "Ambes"]
[Date "2010.04.24"]
[Round "1.16"]
[White "Curely, Etienne"]
[Black "Maisonnet, Emmanuel"]
[Result "1-0"]
[WhiteElo "1793"]
[BlackElo "1742"]
[PlyCount "89"]
[EventDate "2010.04.??"]
[EventType "swiss"]
[EventRounds "9"]
[EventCountry "FRA"]

1. e4 d6 2. d4 Nf6 3. Nc3 g6 4. f4 Bg7 5. Nf3 O-O 6. Bd3 c5 7. e5 dxe5 8. dxe5
Nd5 9. Nxd5 Qxd5 10. Qe2 Qc6 11. O-O Bf5 12. Bb5 Qe4 13. Be3 b6 14. Bd3 Qc6 15.
Rac1 Bxd3 16. cxd3 Qd5 17. a3 Nc6 18. Rfd1 Rad8 19. d4 cxd4 20. Nxd4 Nxd4 21.
Rxd4 Qb7 22. Rdc4 Rc8 23. Qc2 Rxc4 24. Qxc4 e6 25. b4 b5 26. Qc5 a6 27. Kf2 Rd8
28. Qc2 Qd5 29. Bb6 Ra8 30. Rd1 Qb7 31. Bc5 Rc8 32. Qd3 Qa8 33. Qe3 a5 34. Qd3
axb4 35. axb4 Qb7 36. Ra1 Bf8 37. Bxf8 Kxf8 38. Ra5 Qb6+ 39. Kg3 Rc4 40. Qd6+
Qxd6 41. exd6 Rxb4 42. Ra8+ Kg7 43. d7 Rd4 44. d8=Q Rxd8 45. Rxd8 1-0

[Event "Open International d'Ambès 2010"]
[Site "Ambes"]
[Date "2010.04.24"]
[Round "1.17"]
[White "Van Eeckhout, Guy"]
[Black "Hui Bon Hoa, Edmond"]
[Result "0-1"]
[WhiteElo "1725"]
[BlackElo "1792"]
[PlyCount "41"]
[EventDate "2010.04.??"]
[EventType "swiss"]
[EventRounds "9"]
[EventCountry "FRA"]

1. d4 Nf6 2. c4 g6 3. Nc3 Bg7 4. e4 d6 5. Nf3 O-O 6. Be2 Bd7 7. h3 c5 8. d5 Na6
9. O-O Nc7 10. Bf4 Nh5 11. Bh2 f5 12. exf5 gxf5 13. Ng5 Nf6 14. Bd3 h6 15. Nf3
Rb8 16. Qc2 a6 17. Nh4 b5 18. Bxf5 bxc4 19. Rad1 Qc8 20. Bxd7 Qxd7 21. Nf5 0-1

[Event "Open International d'Ambès 2010"]
[Site "Ambes"]
[Date "2010.04.24"]
[Round "1.18"]
[White "Mamah, Isabelle"]
[Black "Teyssier, Jean Paul"]
[Result "1-0"]
[WhiteElo "1786"]
[BlackElo "1724"]
[PlyCount "53"]
[EventDate "2010.04.??"]
[EventType "swiss"]
[EventRounds "9"]
[EventCountry "FRA"]

1. e4 c5 2. c3 d6 3. d4 cxd4 4. cxd4 g6 5. h3 Bg7 6. Nf3 Nf6 7. Bd3 O-O 8. O-O
b6 9. Nc3 Ba6 10. Be3 Bxd3 11. Qxd3 Nc6 12. Rac1 Rc8 13. a3 Nd7 14. b4 e6 15.
Rc2 f5 16. Rfc1 f4 17. Bd2 Nxd4 18. Nxd4 Ne5 19. Qf1 f3 20. Nxe6 fxg2 21. Qxg2
Nf3+ 22. Qxf3 Qh4 23. Nxf8 Rxf8 24. Qg2 Qh5 25. Nd5 Kf7 26. Rc7+ Kg8 27. Rc8
1-0

[Event "Open International d'Ambès 2010"]
[Site "Ambes"]
[Date "2010.04.24"]
[Round "1.19"]
[White "Trolonge, Remi"]
[Black "Banana, Adnanne"]
[Result "0-1"]
[WhiteElo "1686"]
[BlackElo "1717"]
[PlyCount "52"]
[EventDate "2010.04.??"]
[EventType "swiss"]
[EventRounds "9"]
[EventCountry "FRA"]

1. d4 Nf6 2. Nf3 e6 3. Bg5 d5 4. c3 Be7 5. Nbd2 Nbd7 6. e3 O-O 7. Bd3 c5 8. O-O
c4 9. Bc2 b5 10. e4 dxe4 11. Nxe4 Bb7 12. Qe2 Nxe4 13. Bxe7 Nxc3 14. Bxh7+ Kxh7
15. Ng5+ Kg6 16. Qc2+ Be4 17. Nxe4 Ne2+ 18. Qxe2 Qxe7 19. Qg4+ Kh7 20. Qh5+ Kg8
21. Qxb5 Rab8 22. Qxc4 Rxb2 23. Rab1 Rfb8 24. Rxb2 Rxb2 25. Nc3 Qa3 26. Rb1
Qxc3 0-1

[Event "Open International d'Ambès 2010"]
[Site "Ambes"]
[Date "2010.04.24"]
[Round "1.20"]
[White "Laric, Emilie"]
[Black "Marimon, Frederic"]
[Result "1/2-1/2"]
[WhiteElo "1533"]
[BlackElo "1667"]
[PlyCount "53"]
[EventDate "2010.04.??"]
[EventType "swiss"]
[EventRounds "9"]
[EventCountry "FRA"]

1. d4 Nf6 2. c4 e5 3. e3 e4 4. Nc3 c6 5. Nge2 d5 6. Nf4 Bd6 7. Be2 O-O 8. O-O
Be6 9. cxd5 cxd5 10. f3 a6 11. Nxe6 fxe6 12. fxe4 dxe4 13. Qb3 Qd7 14. Na4 Bc7
15. Nc5 Qd5 16. Bc4 Qh5 17. h3 Kh8 18. Qxb7 Bh2+ 19. Kh1 Nc6 20. Qxc6 Qh4 21.
Bxe6 Nh5 22. Kxh2 Qg3+ 23. Kg1 Rxf1+ 24. Kxf1 Rf8+ 25. Kg1 Qf2+ 26. Kh2 Qg3+
27. Kg1 1/2-1/2

[Event "Open International d'Ambès 2010"]
[Site "Ambes"]
[Date "2010.04.24"]
[Round "1.21"]
[White "Boutant, Jade"]
[Black "Jourdain, Christian"]
[Result "1-0"]
[WhiteElo "1666"]
[BlackElo "1499"]
[PlyCount "47"]
[EventDate "2010.04.??"]
[EventType "swiss"]
[EventRounds "9"]
[EventCountry "FRA"]

1. c4 Nf6 2. g3 g6 3. Bg2 Bg7 4. d4 d6 5. Nc3 c6 6. e4 Qb6 7. Nge2 Nbd7 8. Rb1
O-O 9. O-O Qc7 10. b4 b6 11. a4 Rb8 12. Qb3 Re8 13. f4 e5 14. Rd1 Ng4 15. b5 c5
16. Nd5 Qd8 17. dxe5 dxe5 18. h3 Ngf6 19. f5 Nf8 20. g4 g5 21. Bxg5 N6d7 22.
Ng3 h6 23. Bh4 Bb7 24. Nf6+ 1-0

[Event "239th Grandprixtournament"]
[Site "playchess.com "]
[Date "2008.02.23"]
[Round "2.1"]
[White "Galkin, Alexander"]
[Black "Cao Sang"]
[Result "1-0"]
[WhiteElo "2583"]
[BlackElo "2500"]
[PlyCount "51"]
[EventDate "2008.02.23"]
[EventType "k.o. (blitz)"]
[EventCountry "GER"]

1. c4 Nf6 2. Nf3 e6 3. e3 b6 4. d4 Bb7 5. Bd3 Be7 6. O-O O-O 7. b3 c5 8. Bb2 d6
9. Nbd2 Nbd7 10. e4 cxd4 11. Nxd4 a6 12. Re1 Qc7 13. Rc1 Rac8 14. Bb1 Qb8 15.
f4 Rfd8 16. Qe2 Qa8 17. e5 Ne8 18. exd6 Bxd6 19. Rf1 Ndf6 20. Kh1 Bc5 21. N2f3
Be4 22. Rfe1 Bg6 23. Bxg6 hxg6 24. Nxe6 fxe6 25. Qxe6+ Kf8 26. Ne5 1-0

[Event "239th Grandprixtournament"]
[Site "playchess.com "]
[Date "2008.02.23"]
[Round "3.1"]
[White "Livshits, Gaby"]
[Black "Bassem, Amin"]
[Result "0-1"]
[WhiteElo "2634"]
[BlackElo "2500"]
[PlyCount "86"]
[EventDate "2008.02.23"]
[EventType "k.o. (blitz)"]
[EventCountry "GER"]

1. e4 e5 2. Nf3 Nc6 3. Bb5 a6 4. Ba4 Nf6 5. O-O Nxe4 6. d4 b5 7. Bb3 d5 8. dxe5
Be6 9. Nbd2 Be7 10. Re1 Nc5 11. c3 O-O 12. Bc2 d4 13. Ne4 dxc3 14. Nxc3 Qxd1
15. Rxd1 Nb4 16. Bb1 Rad8 17. Rxd8 Rxd8 18. Be3 Na4 19. Be4 Nxb2 20. a3 Nd5 21.
Bxd5 Bxd5 22. Nd4 Bb7 23. Nf5 Bf8 24. h4 Nc4 25. Bg5 Rd3 26. Ne2 Bxa3 27. Nf4
Rd7 28. e6 fxe6 29. Nxe6 h6 30. Bf4 Rf7 31. g4 Bc8 32. Re1 Nd6 33. Bxd6 Bxd6
34. Ned4 Bd7 35. h5 a5 36. Rb1 b4 37. Ra1 a4 38. Ne3 c5 39. Ndf5 Be5 40. Rc1 a3
41. Nc4 Bf6 42. Ncd6 Bxf5 43. gxf5 a2 0-1

[Event "238th Championchallenge"]
[Site "playchess.com"]
[Date "2008.02.16"]
[Round "1.1"]
[White "Jegorovas, Aleksandras"]
[Black "Essing, Arnold"]
[Result "0-1"]
[WhiteElo "2300"]
[BlackElo "2261"]
[PlyCount "90"]
[EventDate "2008.02.16"]
[EventType "k.o. (blitz)"]
[EventCountry "GER"]

1. e4 Nf6 2. e5 Nd5 3. d4 d6 4. Nf3 g6 5. c4 Nb6 6. exd6 cxd6 7. Nc3 Bg7 8. Be3
O-O 9. b3 e5 10. dxe5 dxe5 11. c5 N6d7 12. Bc4 Nc6 13. O-O b6 14. Ne4 h6 15.
Bd5 Bb7 16. Qc1 Nd4 17. Bxb7 Ne2+ 18. Kh1 Nxc1 19. Raxc1 Nxc5 20. Nxc5 bxc5 21.
Bxc5 Rb8 22. Bxf8 Rxb7 23. Bxg7 Kxg7 24. Nxe5 Qd2 25. Ra1 h5 26. Nc4 Qe2 27.
Kg1 h4 28. h3 g5 29. Rfe1 Qc2 30. Re5 f6 31. Ree1 Rd7 32. Rec1 Qe2 33. Re1 Qc2
34. Ne3 Qb2 35. Reb1 Qa3 36. Nc4 Qb4 37. Re1 Kg6 38. Re6 a5 39. Ne5+ Kf5 40.
Rxf6+ Kxe5 41. Rg6 Kf5 42. Rc6 Rd2 43. Rac1 Rd5 44. R1c3 Rd1+ 45. Kh2 Qf4+ 0-1

[Event "238th Championchallenge"]
[Site "playchess.com"]
[Date "2008.02.16"]
[Round "1.1"]
[White "Podzielny, Karl Heinz"]
[Black "Adamek, Jiri"]
[Result "1/2-1/2"]
[WhiteElo "2500"]
[BlackElo "2398"]
[PlyCount "159"]
[EventDate "2008.02.16"]
[EventType "k.o. (blitz)"]
[EventCountry "GER"]

1. d4 d6 2. Nf3 Nd7 3. c4 e5 4. Nc3 Ngf6 5. e4 g6 6. Be2 Bg7 7. O-O O-O 8. Re1
Re8 9. d5 a5 10. a3 Nh5 11. Rb1 Qe7 12. Bf1 b6 13. Nb5 Ndf6 14. b4 axb4 15.
axb4 Nf4 16. g3 Nh3+ 17. Kg2 Ng4 18. Re2 h6 19. Qc2 f5 20. Nh4 fxe4 21. Qxe4
Nhxf2 22. Rxf2 Nxf2 23. Qxg6 Ra2 24. Rb2 Rxb2 25. Bxb2 Rf8 26. Be2 Nh3 27. Bg4
Bxg4 28. Qxg4 Ng5 29. Bc1 Qf7 30. Qe2 Ne4 31. Nf3 Nf6 32. Nc3 Qg6 33. Nh4 Qg4
34. Qxg4 Nxg4 35. Ne4 Nf6 36. Nf2 Kf7 37. Nf5 h5 38. Nh3 Ra8 39. Ng5+ Kg6 40.
Ne7+ Kh6 41. Ne6+ Kh7 42. Nxc7 Ra2+ 43. Kf3 Rc2 44. Be3 Rxc4 45. Ne6 Rxb4 46.
Ng5+ Kh8 47. Nf7+ Kh7 48. Nxd6 e4+ 49. Ke2 Bf8 50. Ndf5 Bxe7 51. Nxe7 Rb5 52.
d6 Nd7 53. Bd4 Rb4 54. Ke3 b5 55. Kxe4 Rb3 56. Kd5 b4 57. Kc6 Nf8 58. Nd5 Rd3
59. Kc5 b3 60. Bb2 Rd2 61. Ba3 Ne6+ 62. Kc6 b2 63. Bxb2 Rxb2 64. Kd7 Nc5+ 65.
Ke7 Rc2 66. Nf6+ Kg6 67. d7 Re2+ 68. Kd6 Nxd7 69. Nxd7 Rxh2 70. Ne5+ Kg7 71.
Ke6 Rh3 72. Kf5 Rxg3 73. Kf4 Rg5 74. Kxg5 h4 75. Nf3 h3 76. Nh2 Kh7 77. Kg4 Kg7
78. Kf4 Kh7 79. Kg4 Kg7 80. Kxh3 1/2-1/2

[Event "238th Championchallenge"]
[Site "playchess.com"]
[Date "2008.02.16"]
[Round "1.1"]
[White "Amin, Bassem"]
[Black "Sandkamp, Ralph"]
[Result "1-0"]
[WhiteElo "2550"]
[BlackElo "2302"]
[PlyCount "87"]
[EventDate "2008.02.16"]
[EventType "k.o. (blitz)"]
[EventCountry "GER"]

1. e4 c5 2. Nf3 g6 3. d3 Bg7 4. g3 Nc6 5. Bg2 d6 6. O-O Nf6 7. c3 O-O 8. Re1
Bg4 9. h3 Bxf3 10. Qxf3 Nd7 11. Be3 Rb8 12. Rd1 b5 13. a3 a5 14. d4 cxd4 15.
cxd4 b4 16. Qe2 e5 17. dxe5 dxe5 18. axb4 axb4 19. Nd2 Nd4 20. Bxd4 exd4 21.
Nb3 Qb6 22. Ra6 Qb5 23. Qxb5 Rxb5 24. Nxd4 Bxd4 25. Rxd4 Nc5 26. Ra7 Ne6 27.
Rdd7 Rc5 28. Rab7 Rc1+ 29. Bf1 Nc5 30. Rbc7 Nxd7 31. Rxc1 Ne5 32. Rc7 Rd8 33.
f4 Nf3+ 34. Kf2 Nd2 35. Bg2 Rd3 36. e5 h5 37. Rb7 b3 38. Ke2 Rxg3 39. Bd5 Nb1
40. Bxf7+ Kf8 41. Bxb3 Rxh3 42. e6 Rh2+ 43. Ke3 Rh3+ 44. Kd4 1-0

[Event "238th Championchallenge"]
[Site "playchess.com"]
[Date "2008.02.16"]
[Round "1.1"]
[White "Szoen, Dariusz"]
[Black "Jagodzinski, Piotr"]
[Result "1-0"]
[WhiteElo "2448"]
[BlackElo "2454"]
[PlyCount "109"]
[EventDate "2008.02.16"]
[EventType "k.o. (blitz)"]
[EventCountry "GER"]

1. e4 c6 2. d4 d5 3. Nd2 f5 4. exf5 Bxf5 5. Ngf3 Nf6 6. Ne5 Nbd7 7. Ndf3 e6 8.
Bd3 Bd6 9. O-O O-O 10. Bg5 Qc7 11. Nxd7 Qxd7 12. Bxf5 exf5 13. Bxf6 Rxf6 14.
Qd3 g6 15. Rfe1 Re8 16. Rxe8+ Qxe8 17. Re1 Re6 18. Rxe6 Qxe6 19. Kf1 Qe4 20.
Ne1 Kf7 21. h3 Bb4 22. c3 Qxd3+ 23. Nxd3 Bd6 24. Ke2 h6 25. f4 Ke6 26. Kf3 g5
27. g3 Kf6 28. Ne5 Bxe5 29. dxe5+ Ke6 30. Ke3 b6 31. h4 gxh4 32. gxh4 a5 33. b4
c5 34. bxc5 bxc5 35. Kd3 Kd7 36. Kc2 Kc6 37. Kb3 h5 38. Ka4 d4 39. cxd4 cxd4
40. Kb3 Kd5 41. a4 Kc5 42. Kc2 Kc6 43. Kd2 Kd5 44. Kd3 Kc5 45. e6 Kd6 46. Kxd4
Kxe6 47. Kc5 Ke7 48. Kd5 Kf6 49. Kd6 Kf7 50. Ke5 Kg6 51. Ke6 Kg7 52. Kxf5 Kh6
53. Kf6 Kh7 54. f5 Kh6 55. Ke7 1-0

[Event "238th Championchallenge"]
[Site "playchess.com"]
[Date "2008.02.16"]
[Round "1.1"]
[White "Milanovic, Slavisa"]
[Black "Nechaev, Andrei"]
[Result "1/2-1/2"]
[WhiteElo "2364"]
[BlackElo "2485"]
[PlyCount "140"]
[EventDate "2008.02.16"]
[EventType "k.o. (blitz)"]
[EventCountry "GER"]

1. c4 g6 2. Nc3 Bg7 3. e4 c5 4. Nge2 Nc6 5. g3 Nf6 6. Bg2 O-O 7. O-O Ne8 8. d3
Nc7 9. Rb1 Ne6 10. a3 a5 11. Nd5 Rb8 12. b4 cxb4 13. axb4 axb4 14. Nxb4 b5 15.
Nxc6 dxc6 16. cxb5 cxb5 17. Bb2 Nd4 18. Nxd4 Bxd4 19. Qb3 Be6 20. Qb4 Bxb2 21.
Rxb2 Qxd3 22. Qxe7 Rfc8 23. Rfb1 Rc2 24. Rxc2 Qxc2 25. Qb4 Bc4 26. Bf1 Rd8 27.
Bxc4 bxc4 28. Qb6 Rd2 29. Qb8+ Kg7 30. Qe5+ Kh6 31. Qf4+ Kg7 32. Rb7 Qd1+ 33.
Kg2 Rd7 34. Qe5+ Kh6 35. Rb4 Qd4 36. Qf4+ Kg7 37. Rb1 Re7 38. Re1 c3 39. e5
Qxf4 40. gxf4 Rc7 41. Rc1 Kf8 42. Kf3 c2 43. Ke4 Ke7 44. f5 Rc4+ 45. Kd5 Rc3
46. f6+ Kd7 47. Kd4 Rc8 48. Kd5 Rc7 49. f4 h6 50. h4 h5 51. e6+ fxe6+ 52. Ke5
Rc5+ 53. Kd4 Kd6 54. f7 Rf5 55. Ke4 Ke7 56. Rxc2 Kxf7 57. Rc7+ Kf6 58. Rc8 Ra5
59. Rf8+ Ke7 60. Rg8 Kf7 61. Rb8 e5 62. fxe5 Ra4+ 63. Kd5 Rxh4 64. e6+ Ke7 65.
Rb7+ Ke8 66. Rg7 Rg4 67. Ke5 Rg1 68. Kf6 Rf1+ 69. Ke5 Rg1 70. Kf6 Rf1+ 1/2-1/2

[Event "238th Championchallenge"]
[Site "playchess.com"]
[Date "2008.02.16"]
[Round "1.1"]
[White "Laxman, Rajaram"]
[Black "Edgell, Ben P"]
[Result "1-0"]
[WhiteElo "2511"]
[BlackElo "2273"]
[PlyCount "99"]
[EventDate "2008.02.16"]
[EventType "k.o. (blitz)"]
[EventCountry "GER"]

1. Nf3 Nf6 2. c4 c5 3. g3 b6 4. Bg2 Bb7 5. O-O g6 6. Nc3 Bg7 7. Re1 O-O 8. e4
d6 9. d4 cxd4 10. Nxd4 Qd7 11. Be3 Nc6 12. Nxc6 Bxc6 13. Bd4 Qb7 14. Nd5 e5 15.
Bc3 Nxd5 16. cxd5 Bb5 17. a4 Ba6 18. Bf1 f5 19. f3 fxe4 20. Bxa6 Qxa6 21. fxe4
Rf6 22. Qe2 Qxe2 23. Rxe2 Bh6 24. Rf1 Rxf1+ 25. Kxf1 Rc8 26. Bb4 Bf8 27. b3
Rc1+ 28. Re1 Rc2 29. Re2 Rc1+ 30. Kg2 Rb1 31. Re3 Rb2+ 32. Kh3 Be7 33. Rc3 Kf7
34. Rc7 Kf6 35. Rxa7 Rxb3 36. Bd2 Bf8 37. Rxh7 Rd3 38. Bc1 Rc3 39. Bd2 Rd3 40.
Be1 Re3 41. Bf2 Rxe4 42. Bxb6 Rxa4 43. Bd8+ Kf5 44. Rf7+ Ke4 45. Rxf8 Kxd5 46.
Rf6 e4 47. Bc7 Ra6 48. Kg4 Ke5 49. Rxg6 Rc6 50. Bxd6+ 1-0

[Event "238th Championchallenge"]
[Site "playchess.com"]
[Date "2008.02.16"]
[Round "1.1"]
[White "Feoktistov, Alexey A"]
[Black "Orzech, Dominik"]
[Result "1/2-1/2"]
[WhiteElo "2568"]
[BlackElo "2526"]
[PlyCount "102"]
[EventDate "2008.02.16"]
[EventType "k.o. (blitz)"]
[EventCountry "GER"]

1. e4 c5 2. c3 d5 3. exd5 Qxd5 4. d4 Nf6 5. Nf3 Bg4 6. Be2 e6 7. Na3 cxd4 8.
Nb5 Qd8 9. Qxd4 Nc6 10. Qxd8+ Rxd8 11. h3 Bh5 12. Bg5 a6 13. Nbd4 Nxd4 14. Nxd4
Bxe2 15. Kxe2 Be7 16. Rad1 O-O 17. c4 Rd7 18. b3 Rfd8 19. Nf3 Rxd1 20. Rxd1
Rxd1 21. Kxd1 h6 22. Be3 Kf8 23. Kc2 Ke8 24. Kd3 Nd7 25. Bd4 f6 26. Bc3 Nc5+
27. Ke3 Kd7 28. b4 Na4 29. Bd2 e5 30. Ke4 Ke6 31. g4 Nb2 32. c5 Bf8 33. Nh4 Nc4
34. Bc1 b5 35. Ng6 Be7 36. Nxe7 Kxe7 37. Kd5 Kd7 38. f4 exf4 39. c6+ Kc8 40.
Bxf4 Nb2 41. Ke6 Nd3 42. Bd6 Nf2 43. Kf7 Nxh3 44. Bg3 g5 45. Kxf6 Nf4 46. Kg7
h5 47. Bxf4 gxf4 48. gxh5 f3 49. h6 f2 50. h7 f1=Q 51. h8=Q+ Kc7 1/2-1/2

[Event "238th Championchallenge"]
[Site "playchess.com"]
[Date "2008.02.16"]
[Round "1.1"]
[White "Livshits, Gaby"]
[Black "Livaja, B Mario"]
[Result "1-0"]
[WhiteElo "2654"]
[BlackElo "2434"]
[PlyCount "51"]
[EventDate "2008.02.16"]
[EventType "k.o. (blitz)"]
[EventCountry "GER"]

1. e4 c5 2. Nf3 Nc6 3. Nc3 e6 4. d4 cxd4 5. Nxd4 Qc7 6. g3 a6 7. Bg2 d6 8. O-O
Bd7 9. b3 Nf6 10. Bb2 Rc8 11. Re1 Be7 12. h3 O-O 13. g4 Rfd8 14. g5 Nxd4 15.
Qxd4 Nh5 16. h4 Bf8 17. Rad1 Nf4 18. Bf1 b5 19. a3 Bc6 20. Ne2 d5 21. Nxf4 Qxf4
22. exd5 Qxd4 23. Rxd4 Bxd5 24. Rd2 Rc7 25. c4 bxc4 26. bxc4 1-0

[Event "238th Championchallenge"]
[Site "playchess.com"]
[Date "2008.02.16"]
[Round "1.1"]
[White "Cao Sang"]
[Black "Hosseinipour, Mehdi"]
[Result "1-0"]
[WhiteElo "2550"]
[BlackElo "2355"]
[PlyCount "75"]
[EventDate "2008.02.16"]
[EventType "k.o. (blitz)"]
[EventCountry "GER"]

1. e4 c5 2. Nf3 d6 3. Nc3 Nf6 4. d4 cxd4 5. Qxd4 Nc6 6. Bb5 Bd7 7. Qd3 a6 8.
Bxc6 Bxc6 9. Bg5 e6 10. O-O-O Be7 11. Kb1 O-O 12. h4 h6 13. Nd4 Qa5 14. Bd2 Qc7
15. g4 h5 16. g5 Nd7 17. g6 Nc5 18. gxf7+ Rxf7 19. Qe2 g6 20. Rhg1 Kh7 21. Qe3
Bf8 22. Nf3 Rxf3 23. Qxf3 Bg7 24. Qg3 Be8 25. f4 Qf7 26. Qg2 Bc6 27. Rde1 b5
28. a3 Rb8 29. b4 Nd7 30. Qg3 Nb6 31. f5 exf5 32. exf5 Qxf5 33. Re7 Nd5 34.
Nxd5 Bxd5 35. Bc3 Rg8 36. Qxd6 Be4 37. Qd4 Bxc2+ 38. Kb2 1-0

[Event "238th Championchallenge"]
[Site "playchess.com"]
[Date "2008.02.16"]
[Round "1.2"]
[White "Livaja, B Mario"]
[Black "Livshits, Gaby"]
[Result "1-0"]
[WhiteElo "2426"]
[BlackElo "2662"]
[PlyCount "65"]
[EventDate "2008.02.16"]
[EventType "k.o. (blitz)"]
[EventCountry "GER"]

1. d4 Nf6 2. Bg5 Ne4 3. Bh4 c6 4. Nf3 d5 5. e3 Qb6 6. Qc1 Bg4 7. Be2 Nd7 8. O-O
e6 9. Re1 Bd6 10. c4 Bb8 11. Nc3 O-O 12. Nxe4 dxe4 13. Ng5 Bxe2 14. Rxe2 Nf6
15. Qc2 Qa5 16. Nxe4 Ng4 17. h3 Qh5 18. Bg3 Nh6 19. Bxb8 Raxb8 20. Ng3 Qh4 21.
Qe4 Qg5 22. Rd2 Rfe8 23. Rad1 g6 24. Qf3 Rbd8 25. Ne4 Qe7 26. Nf6+ Kg7 27.
Nxe8+ Rxe8 28. d5 exd5 29. cxd5 cxd5 30. Rxd5 Nf5 31. Rd7 Qg5 32. e4 Nh4 33.
Qxf7+ 1-0

[Event "238th Championchallenge"]
[Site "playchess.com"]
[Date "2008.02.16"]
[Round "1.2"]
[White "Edgell, Ben P"]
[Black "Laxman, Rajaram"]
[Result "0-1"]
[WhiteElo "2272"]
[BlackElo "2511"]
[PlyCount "158"]
[EventDate "2008.02.16"]
[EventType "k.o. (blitz)"]
[EventCountry "GER"]

1. Nf3 Nf6 2. d4 e6 3. c3 b6 4. Bg5 Bb7 5. Nbd2 Be7 6. Bxf6 Bxf6 7. e4 d5 8. e5
Be7 9. Bd3 c5 10. h4 h6 11. Qe2 a5 12. Bb5+ Bc6 13. Bxc6+ Nxc6 14. g3 c4 15.
O-O b5 16. Nh2 b4 17. f4 g6 18. h5 a4 19. hxg6 fxg6 20. Qg4 Kf7 21. Qh3 h5 22.
Ndf3 a3 23. Ng5+ Bxg5 24. fxg5+ Ke7 25. Rf6 Qg8 26. bxa3 bxc3 27. g4 Nxd4 28.
Qe3 Qb8 29. Qxd4 Qa7 30. Qxa7+ Rxa7 31. gxh5 Rxh5 32. Rxg6 Rxa3 33. Nf3 c2 34.
Nd4 Rxa2 35. Rxe6+ Kd7 36. Rd6+ Kc8 37. Rc1 Rxg5+ 38. Kf2 Rxe5 39. Rxc2 Ra3 40.
Re6 Rh5 41. Nf3 Rh3 42. Ne1 Rh2+ 43. Ng2 Rh5 44. Rf6 Rd3 45. Re2 Kd7 46. Ree6
Rd2+ 47. Re2 Rd3 48. Rf3 Rd4 49. Nf4 Rh2+ 50. Kg3 Rh8 51. Re5 Rg8+ 52. Kf2 Kd6
53. Re6+ Kd7 54. Re5 Kd6 55. Re6+ Kc5 56. Re5 Rd2+ 57. Ne2 Rh8 58. Ke3 Rd3+ 59.
Kf2 Rh2+ 60. Kg3 Rh3+ 61. Kxh3 Rxf3+ 62. Kg4 Rf8 63. Nf4 Kd4 64. Rxd5+ Ke4 65.
Rc5 Rxf4+ 66. Kg3 Ke3 67. Re5+ Re4 68. Rc5 Kd4 69. Rc8 c3 70. Kf2 Kd3 71. Rd8+
Kc2 72. Rc8 Re5 73. Kf3 Kd2 74. Kf4 Re6 75. Rd8+ Kc1 76. Rc8 c2 77. Kf3 Re5 78.
Kf4 Rd5 79. Ke3 Kd1 0-1

[Event "238th Championchallenge"]
[Site "playchess.com"]
[Date "2008.02.16"]
[Round "1.2"]
[White "Sandkamp, Ralph"]
[Black "Amin, Bassem"]
[Result "0-1"]
[WhiteElo "2301"]
[BlackElo "2550"]
[PlyCount "38"]
[EventDate "2008.02.16"]
[EventType "k.o. (blitz)"]
[EventCountry "GER"]

1. Nf3 f5 2. g3 Nf6 3. Bg2 e6 4. O-O Be7 5. c4 O-O 6. b3 d6 7. d4 Qe8 8. Bb2
Qg6 9. Nbd2 Ne4 10. Qc2 Bf6 11. Nxe4 fxe4 12. Nd2 d5 13. e3 Qg5 14. cxd5 exd5
15. Qxc7 Nc6 16. Qf4 Qh5 17. Qd6 Be7 18. Qc7 Rf6 19. f3 Bd6 0-1

[Event "238th Championchallenge"]
[Site "playchess.com"]
[Date "2008.02.16"]
[Round "1.2"]
[White "Nechaev, Andrei"]
[Black "Milanovic, Slavisa"]
[Result "0-1"]
[WhiteElo "2490"]
[BlackElo "2577"]
[PlyCount "112"]
[EventDate "2008.02.16"]
[EventType "k.o. (blitz)"]
[EventCountry "GER"]

1. d4 e6 2. c4 Nf6 3. Nc3 Bb4 4. Bg5 c5 5. d5 exd5 6. cxd5 d6 7. e3 Nbd7 8. Bb5
O-O 9. Nge2 a6 10. Bxd7 Bxd7 11. O-O Re8 12. Qc2 Qe7 13. Rad1 h6 14. Bh4 Bg4
15. Rb1 b5 16. a4 Rab8 17. axb5 axb5 18. Ra1 Bxc3 19. Nxc3 b4 20. Ne2 Qe5 21.
Bxf6 Qxf6 22. Ng3 Qe5 23. e4 h5 24. f3 h4 25. Ne2 Bd7 26. Ra7 Bb5 27. Re1 c4
28. Qd2 c3 29. bxc3 Bxe2 30. Qxe2 bxc3 31. Rc7 Rec8 32. Rxc8+ Rxc8 33. Qc2 Qd4+
34. Kh1 Rb8 35. e5 dxe5 36. d6 Rb2 37. Qf5 Qxd6 38. Ra1 g6 39. Qc8+ Kg7 40.
Qxc3 Qd4 41. Qxd4 exd4 42. Kg1 Kf6 43. Ra7 Ke6 44. Kf1 h3 45. gxh3 Rxh2 46.
Ra6+ Ke5 47. f4+ Kxf4 48. Rf6+ Ke3 49. Rxf7 Rxh3 50. Re7+ Kd2 51. Re6 Rg3 52.
Kf2 Rg5 53. Ra6 Rf5+ 54. Kg2 g5 55. Ra2+ Ke3 56. Ra8 d3 0-1

[Event "238th Championchallenge"]
[Site "playchess.com"]
[Date "2008.02.16"]
[Round "1.2"]
[White "Essing, Arnold"]
[Black "Jegorovas, Aleksandras"]
[Result "0-1"]
[WhiteElo "2261"]
[BlackElo "2300"]
[PlyCount "114"]
[EventDate "2008.02.16"]
[EventType "k.o. (blitz)"]
[EventCountry "GER"]

1. d4 Nf6 2. Nf3 e6 3. c4 c5 4. d5 b5 5. dxe6 fxe6 6. cxb5 d5 7. g3 a6 8. bxa6
Bxa6 9. Bh3 Bc8 10. O-O Bd6 11. Nc3 O-O 12. Bg5 Nc6 13. e4 d4 14. Nb5 Bb8 15.
Re1 h6 16. Bd2 Qe8 17. e5 Nxe5 18. Nxe5 Qxb5 19. Ng4 Nxg4 20. Qxg4 Rf6 21. b3
Ra6 22. Bf1 Qc6 23. Bg2 Qd7 24. Rac1 Rxa2 25. Bf4 Bxf4 26. gxf4 Qd6 27. Re5
Rxf2 28. Rcxc5 Rxg2+ 29. Kxg2 Bb7+ 30. Kh3 d3 31. Rc1 d2 32. Rd1 Qd3+ 33. Qg3
Bf3 34. Rxd2 Qxd2 35. Qxf3 Rxf4 36. Qe3 Qxe3+ 37. Rxe3 Kf7 38. Kg3 Rf1 39. Rc3
Rb1 40. Rc7+ Kf6 41. Rb7 g5 42. Kg4 Kg6 43. Rb6 h5+ 44. Kg3 Kf5 45. Rb5+ e5 46.
Rb8 h4+ 47. Kf3 e4+ 48. Ke3 Re1+ 49. Kf2 Rh1 50. Kg2 Rb1 51. Rf8+ Ke5 52. Re8+
Kf4 53. Rf8+ Ke3 54. Rb8 g4 55. b4 Rb2+ 56. Kg1 h3 57. b5 Rb1# 0-1